| 000 | 00400nam a22001337a 4500 | ||
|---|---|---|---|
| 005 | 20251128141121.0 | ||
| 008 | 251128b |||||||| |||| 00| 0 eng d | ||
| 050 | _aTA654 SEL | ||
| 100 | _aSelvam, V. K. Manicka | ||
| 245 |
_aElementary Structural Dynamics _cV. K. Manicka Selvam |
||
| 260 |
_aNew Delhi _bDhanpat Rai Publications Limited _c2008 |
||
| 300 |
_ax. 780p. _bill. _c21.5cm |
||
| 942 |
_2lcc _cBK _n0 |
||
| 999 |
_c8412 _d8412 |
||